Southville International School and Colleges

Strange case of Dr. Jekyll & Mr. Hyde and other stories / (Record no. 367752)

000 -LEADER
fixed length control field 00826nam a22002417a 4500
003 - CONTROL NUMBER IDENTIFIER
control field 0
005 - DATE AND TIME OF LATEST TRANSACTION
control field 20250902160431.0
008 - FIXED-LENGTH DATA ELEMENTS--GENERAL INFORMATION
fixed length control field 250902b xxu||||| |||| 00| 0 eng d
020 ## - INTERNATIONAL STANDARD BOOK NUMBER
International Standard Book Number 978-1-84749-378-1
050 ## - LIBRARY OF CONGRESS CALL NUMBER
Classification number PR 5481
Item number .St847 2024
100 ## - MAIN ENTRY--PERSONAL NAME
Personal name Stevenson, Robert Louis,
Relator term author.
245 ## - TITLE STATEMENT
Title Strange case of Dr. Jekyll & Mr. Hyde and other stories /
Statement of responsibility, etc Robert Louis Stevenson.
260 ## - PUBLICATION, DISTRIBUTION, ETC. (IMPRINT)
Place of publication, distribution, etc London, United Kingdom :
Name of publisher, distributor, etc Alma Classics,
Date of publication, distribution, etc 2024.
300 ## - PHYSICAL DESCRIPTION
Extent 249 pages :
Other physical details illustrations ;
Dimensions 20 cm.
500 ## - GENERAL NOTE
General note Includes glossary of Scots terms and explanatory notes.
504 ## - BIBLIOGRAPHY, ETC. NOTE
Bibliography, etc Includes bibliographical references.
650 ## - SUBJECT ADDED ENTRY--TOPICAL TERM
Topical term or geographic name as entry element Split personality
Form subdivision Fiction.
650 ## - SUBJECT ADDED ENTRY--TOPICAL TERM
Topical term or geographic name as entry element Physicians
Form subdivision Fiction.
650 ## - SUBJECT ADDED ENTRY--TOPICAL TERM
Topical term or geographic name as entry element London (England)
Form subdivision Fiction.
650 ## - SUBJECT ADDED ENTRY--TOPICAL TERM
Topical term or geographic name as entry element Horror tales.
650 ## - SUBJECT ADDED ENTRY--TOPICAL TERM
Topical term or geographic name as entry element Gothic fiction.
942 ## - ADDED ENTRY ELEMENTS (KOHA)
Source of classification or shelving scheme
Koha item type Books
Holdings
Shelving location Koha item type Damaged status Lost status Permanent Location Source of classification or shelving scheme Date last seen Date acquired Full call number Withdrawn status Price effective from Sub Shelving location Barcode Current Location Source of acquisition
Teachers Reference SectionBooks  Luxembourg Library 2025-09-022024-11-19PR 5481 .St847 2024 2025-09-02 21444Luxembourg LibraryLibrary Fund
Powered by Koha